| 000 | 01406nam a2200397 i 4500 | ||
|---|---|---|---|
| 003 | CO-BoRNBP | ||
| 005 | 20220316235952.0 | ||
| 007 | ta | ||
| 008 | 211124r20092020sp er 000 fdspa d | ||
| 020 | _a9788437608907 | ||
| 040 |
_aCO-BoRNBP _bspa _erda _cCO-BoRNBP |
||
| 041 | 1 |
_aspa _hfre |
|
| 084 | _aN COC2 | ||
| 100 | 1 |
_aCocteau, Jean, _d1889-1963 _eautor |
|
| 245 | 1 | 4 |
_aLos niños terribles _cJean Cocteau ;introducción, edición y traducción de José Ignacio Velázquez |
| 250 | _aPrimera edición | ||
| 250 | _aUndécima edición | ||
| 250 | _aDuodécima edición | ||
| 264 | 1 |
_aMadrid, España _bEdiciones Cátedra _c2009 _c2019 _c2020 |
|
| 300 |
_a197 páginas _c20 cm |
||
| 336 |
_atexto _btxt _2rdacontent |
||
| 337 |
_asin mediación _bn _2rdamedia |
||
| 338 |
_avolumen _bnc _2rdacarrier |
||
| 490 | 0 |
_aLetras Universales _v133 |
|
| 504 | _aIncluye referencias bibliográficas | ||
| 521 | _aRecomendado para un público adulto | ||
| 534 | _tLes enfants terribles | ||
| 545 | _aIncluye datos biográficos del autor al inicio del texto | ||
| 600 | 1 | 4 |
_aCocteau, Jean, _d1889-1963 _xCrítica e interpretación _9201697 |
| 650 | 1 | 7 |
_aNovela francesa _ySiglo XX _2LEMB |
| 650 | 1 | 7 |
_aLiteratura francesa _ySiglo XX _2ARMARC |
| 650 | 1 | 7 |
_aNiños _vNovela _2LEMB |
| 650 | 1 | 7 |
_aHombres jóvenes _vNovela _2LEMB |
| 700 | 1 |
_aVelázquez, José Ignacio, _eprologuista _98009 |
|
| 942 |
_2loc _cBKLIT |
||
| 999 |
_c2772 _d2772 |
||